Critical Thoery and Social Transformation (Record no. 26682)

MARC details
000 -LEADER
fixed length control field 01640nam a22001577a 4500
020 ## - INTERNATIONAL STANDARD BOOK NUMBER
ISBN 9780367276416
082 ## - DEWEY DECIMAL CLASSIFICATION NUMBER
Classification number 142
Item number DEL-C
100 ## - MAIN ENTRY--AUTHOR NAME
Personal name Delanty, Gerard
245 ## - TITLE STATEMENT
Title Critical Thoery and Social Transformation
Sub Title : Crisis of the Present and Future Possibilities
260 ## - PUBLICATION, DISTRIBUTION, ETC. (IMPRINT)
Place of publication New York
Name of publisher Routledge Taylor & Francis Group London and New York
Year of publication 2020
300 ## - PHYSICAL DESCRIPTION
Number of Pages vi,251p.
500 ## - GENERAL NOTE
General note Include index
520 ## - SUMMARY, ETC.
Summary, etc Critical Theory and Social Transformation provides an exploration of the major themes in the critical social theory of recent years. Delanty argues that a critical theory perspective can offer much-needed insights into the pressing socio-political challenges of our time. In this volume, he advances the need to reconnect social theory and social research and to return to the foundational concerns of critical social theory. Delanty engages with the key topics facing critical social theorists: capitalism, cosmopolitanism, modernity, the Anthropocene, and legacies of history. The connecting thread is that the topics are all contemporary challenges for critical theory and relate to major social transformations. The notions of critique, crisis, and social transformation are central to the book. Critical Theory and Social Transformation will be of interest to the broad readership in social and political theory. It will appeal to those working in sociology, political sociology, politics, and international studies and to anyone with an interest in any of the chapter-specific topics, such as public space, memory, and neo-authoritarianism.
650 ## - SUBJECT ADDED ENTRY--TOPICAL TERM
Topical Term Critical theory
Form subdivision Social sciences
-- Philosophy
942 ## - ADDED ENTRY ELEMENTS (KOHA)
Source of classification or shelving scheme Dewey Decimal Classification
Koha item type Books
Holdings
Withdrawn status Lost status Damaged status Not for loan Home library Current library Date acquired Source of acquisition Cost, normal purchase price Bill Date Full call number Accession Number Cost, replacement price Price effective from Koha item type
        NASSDOC Library NASSDOC Library 24/03/2021 Overseas Press India Private Limited 2489.75 2021-03-04 142 DEL-C 51386 3506.70 24/03/2021 Books